[Event "IECG CF.2004.0.00064 email"]
[Site "IECG email"]
[Date "2004.10.10"]
[Round "1"]
[White "Alexander, Mark"]
[Black "Mathes, Christian"]
[Result "1-0"]
[WhiteElo "1129"]
[BlackElo "1051"]
[PlyCount "63"]
[EventDate "2004.10.10"]
[EventType "tourn (corr)"]
[EventRounds "6"]
[SourceTitle "Corr 2008"]
[Source "ChessBase"]
[SourceDate "2008.06.24"]
[SourceVersion "1"]
[SourceVersionDate "2008.06.24"]
[SourceQuality "1"]

1. d4 c6 2. e4 d5 3. e5 Bf5 4. Nf3 e6 5. Nbd2 Nd7 6. Be2 c5 7. 0-0 cxd4 8. Nxd4 Bg6 9. f4 Qb6 10. N2b3 Ne7 11. Be3 Qd8 12. c3 Nf5 13. Nxf5 Bxf5 14. Nd4 Be4 15. f5 Bc5 16. fxe6 fxe6 17. Qd2 Qb6 18. a4 Nxe5 19. b4 Be7 20. Bb5+ Nd7 21. c4 e5 22. Nf5 Qg6 23. Nxe7 Kxe7 24. cxd5 Kd6 25. Bc5+ Kc7 26. Be7 Qb6+ 27. Kh1 Rae8 28. d6+ Kc8 29. Rac1+ Bc6 30. Bxc6 bxc6 31. Rxc6+ Qxc6 32. Rc1 1-0

[Event "IECG CF.2004.0.00064 email"]
[Site "IECG email"]
[Date "2004.10.10"]
[Round "1"]
[White "Boni, Roberto"]
[Black "Alexander, Mark"]
[Result "0-1"]
[WhiteElo "1120"]
[BlackElo "1129"]
[PlyCount "68"]
[EventDate "2004.10.10"]
[EventType "tourn (corr)"]
[EventRounds "6"]
[SourceTitle "Corr 2008"]
[Source "ChessBase"]
[SourceDate "2008.06.24"]
[SourceVersion "1"]
[SourceVersionDate "2008.06.24"]
[SourceQuality "1"]

1. e4 Nc6 2. d4 d5 3. e5 Bf5 4. c3 f6 5. Bd3 Bxd3 6. Qxd3 fxe5 7. dxe5 Nxe5 8. Qe2 Nc6 9. Nf3 Qd6 10. Be3 e5 11. Nbd2 Be7 12. 0-0-0 Qg6 13. Nb3 0-0-0 14. Bc5 Bf6 15. Rhg1 Kb8 16. h3 Nge7 17. Nfd2 Nf5 18. g4 Nd6 19. Nf3 e4 20. Nfd4 Bxd4 21. Bxd4 Rhf8 22. Nc5 Nxd4 23. Rxd4 c6 24. Rb4 Rf3 25. Qa6 Rf7 26. Qxc6 Qg5+ 27. Kb1 Ka8 28. Qa4 Qg6 29. Qc2 Rdf8 30. Rf1 b6 31. Na6 Rxf2 32. Rxf2 Rxf2 33. Qd1 e3+ 34. Kc1 Nb7 0-1

[Event "IECG CF.2004.0.00064 email"]
[Site "IECG email"]
[Date "2004.10.10"]
[Round "1"]
[White "Rodriguez Zarate, Renato Roman"]
[Black "Alexander, Mark"]
[Result "1-0"]
[WhiteElo "1000"]
[BlackElo "1129"]
[PlyCount "75"]
[EventDate "2004.10.10"]
[EventType "tourn (corr)"]
[EventRounds "6"]
[SourceTitle "Corr 2008"]
[Source "ChessBase"]
[SourceDate "2008.06.24"]
[SourceVersion "1"]
[SourceVersionDate "2008.06.24"]
[SourceQuality "1"]

1. d4 Nf6 2. c4 e6 3. Nf3 d5 4. Nc3 c6 5. e3 Nbd7 6. Bd3 dxc4 7. Bxc4 Bd6 8. 0-0 0-0 9. e4 e5 10. Be3 Qe7 11. Qc2 exd4 12. Bxd4 Ng4 13. Kh1 Re8 14. Rad1 Bc7 15. h3 Nge5 16. Nxe5 Nxe5 17. Bxe5 Qxe5 18. f4 Qh5 19. e5 Bf5 20. Bd3 Be6 21. Ne4 Bg4 22. Rd2 Rad8 23. Kh2 Kh8 24. b4 Bb6 25. Nc5 Bc8 26. a4 f6 27. Be2 Rxd2 28. Qxd2 Qg6 29. Bd3 Qh6 30. Ne4 Bc7 31. Nd6 Bxd6 32. exd6 Bd7 33. b5 f5 34. bxc6 bxc6 35. Bc4 a5 36. Rb1 c5 37. Bb5 Qe6 38. Rd1 1-0

[Event "IECG CN.2002.0.00306 email"]
[Site "IECG email"]
[Date "2002.09.03"]
[Round "?"]
[White "Alexander, Mark"]
[Black "Dion, Michel"]
[Result "1/2-1/2"]
[WhiteElo "800"]
[BlackElo "951"]
[PlyCount "79"]
[EventDate "2002.09.03"]
[EventType "tourn (corr)"]
[EventRounds "6"]
[SourceTitle "Corr 2008"]
[Source "ChessBase"]
[SourceDate "2008.06.24"]
[SourceVersion "1"]
[SourceVersionDate "2008.06.24"]
[SourceQuality "1"]

1. d4 Nf6 2. c4 g6 3. Nc3 Bg7 4. e4 d6 5. Nf3 0-0 6. Bg5 h6 7. Bxf6 exf6 8. Qd2 f5 9. 0-0-0 fxe4 10. Nxe4 d5 11. cxd5 Qxd5 12. Nc3 Qa5 13. Bd3 Be6 14. Rhe1 Nc6 15. Bxg6 Bxa2 16. Bc2 Bc4 17. Na4 Qxd2+ 18. Rxd2 Rfe8 19. Be4 Na5 20. Nc5 Rab8 21. b4 Nb3+ 22. Nxb3 Bxb3 23. Ne5 Bxe5 24. dxe5 c6 25. Re3 Bc4 26. f4 Rbd8 27. Ra3 Rxd2 28. Kxd2 a6 29. Kc3 Bb5 30. Ra2 Rd8 31. g3 Kg7 32. Ra1 Rd7 33. f5 b6 34. Rc1 c5 35. bxc5 bxc5 36. Re1 Kf8 37. Bc2 c4 38. Be4 Ke7 39. Rb1 Rd8 40. Re1 1/2-1/2

[Event "IECG CN.2002.0.00306 email"]
[Site "IECG email"]
[Date "2002.09.03"]
[Round "?"]
[White "Alexander, Mark"]
[Black "Vodanovic, Boris"]
[Result "0-1"]
[WhiteElo "800"]
[BlackElo "800"]
[PlyCount "130"]
[EventDate "2002.09.03"]
[EventType "tourn (corr)"]
[EventRounds "6"]
[SourceTitle "Corr 2008"]
[Source "ChessBase"]
[SourceDate "2008.06.24"]
[SourceVersion "1"]
[SourceVersionDate "2008.06.24"]
[SourceQuality "1"]

1. d4 Nf6 2. c4 e6 3. Nf3 d5 4. Nc3 Be7 5. cxd5 exd5 6. Qa4+ c6 7. Bg5 Nbd7 8. Bf4 0-0 9. Qc2 Re8 10. g3 Nf8 11. Bg2 Ng6 12. Bd2 Bd6 13. 0-0 h6 14. Rac1 Be6 15. e3 Qd7 16. a3 Bf5 17. Qd1 Ne4 18. Be1 Nxc3 19. Bxc3 Be4 20. Nd2 Bxg2 21. Kxg2 Re7 22. Qh5 Rae8 23. Rh1 Qe6 24. a4 Nf8 25. b3 f5 26. h4 Qg6 27. Qxg6 Nxg6 28. Nf3 Nf8 29. h5 Nd7 30. Nh4 Rf7 31. Rb1 Nf6 32. Nxf5 Ba3 33. Ra1 Ng4 34. Rxa3 Rxf5 35. Ra2 Nf6 36. b4 Rxh5 37. Rxh5 Nxh5 38. Rc2 a6 39. b5 axb5 40. axb5 Nf6 41. bxc6 bxc6 42. Bb4 Re6 43. Ra2 g5 44. Ra3 Kf7 45. f3 g4 46. f4 Ne4 47. Ra7+ Kg6 48. Rc7 h5 49. Re7 Rxe7 50. Bxe7 Nc3 51. Bb4 Nd1 52. Bd2 Nb2 53. Bc1 Nc4 54. Kf2 Kf5 55. Kf1 Ke4 56. Ke2 Nd6 57. Bd2 Nf5 58. Kf2 Kd3 59. Bc1 Kc2 60. Ba3 Kd2 61. Bb2 Kd1 62. Ba3 Kc2 63. Bb4 Kd3 64. Ba3 Nxe3 65. Bd6 Nf5 0-1

[Event "IECG CN.2002.0.00306 email"]
[Site "IECG email"]
[Date "2002.09.03"]
[Round "?"]
[White "Buscher, Karl"]
[Black "Alexander, Mark"]
[Result "1-0"]
[WhiteElo "800"]
[BlackElo "800"]
[PlyCount "49"]
[EventDate "2002.09.03"]
[EventType "tourn (corr)"]
[EventRounds "6"]
[SourceTitle "Corr 2008"]
[Source "ChessBase"]
[SourceDate "2008.06.24"]
[SourceVersion "1"]
[SourceVersionDate "2008.06.24"]
[SourceQuality "1"]

1. e4 e5 2. Nc3 Nf6 3. f4 d5 4. fxe5 Nxe4 5. Nf3 Bg4 6. Qe2 Nxc3 7. dxc3 Nd7 8. Bf4 c5 9. h3 Be6 10. Ng5 c4 11. g3 Bc5 12. 0-0-0 0-0 13. Bg2 Be7 14. h4 Qa5 15. Kb1 Bxg5 16. hxg5 Nb6 17. g4 Na4 18. Rh3 Rae8 19. Bc1 Nc5 20. Qf2 Bxg4 21. Rxh7 g6 22. Rh6 Ne6 23. Rdh1 f5 24. gxf6 Kf7 25. Rh7+ 1-0